| 000 | 00936cab a22001935a 4500 | ||
|---|---|---|---|
| 001 | L145807 | ||
| 008 | 081111e2008 xxkd f 000 0 eng d | ||
| 035 | _a(Sirsi) u145807 | ||
| 041 | 0 | _aeng | |
| 110 | 2 |
_aMtech _95642 |
|
| 245 | 0 | 0 | _aWhat designers think |
| 260 | _c2008 | ||
| 490 |
_aBuilding Offsite Directory _v2008, 16-17 (2) |
||
| 520 | _aReports the results of a survey on the impact of offsite solutions on construction designers. Finds that architects use many different offsite techniques, even less common solutions. Presents the need for speed as the major reason for adopting an offsite sytem. Suggests that the first obstacle is the lack of technical information. Shows that decision to adopt an offsite system should lie with the architects, at a design stage. | ||
| 590 | _aKA | ||
| 651 | 4 |
_aUnited Kingdom _y |
|
| 690 | _aBUILT ENVIRONMENT-CONSTRUCTION MANAGEMENT-CONSTRUCTION DESIGN AND MANAGEMENT | ||
| 942 | _n0 | ||
| 999 |
_c80946 _d80946 |
||